| 000 | 01289nam2a22002771 4500 | ||
|---|---|---|---|
| 001 | v19\rc\1530736 | ||
| 005 | 20250618174643.0 | ||
| 035 | _a(NLR Aleph) 004650915 | ||
| 090 |
_a3420851 _c3420851 |
||
| 100 | _a20060620d1888 |||y0rusy50 ca | ||
| 101 | 0 | _arus | |
| 102 | _aRU | ||
| 105 | _ay z ||||| | ||
| 200 | 0 | _a... за 1887 год | |
| 210 |
_d1888 _aБ. м. |
||
| 215 | _a7 с. | ||
| 300 | _aВ конце текста сост.: врач Н. Ржевкин | ||
| 461 | 0 |
_1001v19\rc\1530734 _12001#$aОтчет о деятельности Тропаревского медицинского участка Можайского уезда...$fМож. уезд. зем. собр.$v... за 1887 год _93420828 _aМожайский уездный земский врач Тропаревского участка _c[Можайск _d1887]-1888 _fМож. уезд. зем. собр. _tОтчет о деятельности Тропаревского медицинского участка Можайского уезда... _v... за 1887 год |
|
| 702 | 1 |
_aРжевкин _bН. _4220 |
|
| 801 | 0 |
_aRU _bNLR _gpsbo |
|
| 801 | 0 |
_aRU _bRuMoRGB _2psbo |
|
| 801 | 1 |
_aRU _bProSoft-M _2rusmarc |
|
| 852 |
_aNLR _bЗем _j21-10/О10 |
||
| 899 |
_aRuMoRGB _jS 13/413 |
||
| 942 | _cBOOK | ||
| 980 | _aNB | ||